000 00250nam a2200097 a 4500
005 20200930070708.0
008 110920s1690 000 spa d
245 0 _aTractatvs de secunda supplicatione sive...
260 _as.l.,
_c1690.
999 _c33496
_d33496
040 _aDO-SdBNP